000
00326nam a22001337a 4500
008
160523b xxu||||| |||| 00| 0 eng d
020
_a
9781416029847
020
_a
9781416029847
020
_a
14116029842
041
_a
eng
080
_a
615
245
_a
Pharmacology:
_c
George M. Brenner; Craig W. Stevens;
942
_2
udc
_c
BK
999
_c
2403
_d
2403